000 00401 a2200109 4500
001 ART_62774
005 20260410162017.0
008 260409a
245 1 0 _aLa vigencia de los instrumentos internacionales. A propósito del fallo de la CSJN "Acevedo"
100 1 _aGrappasonno, Nicolás
773 0 _tTemas de derecho administrativo
_g- Año 10, N° 5/6 (mayo/jun. 2025)
_wREV40468
999 _c32761
_d32761